Hybrid Discography - Statistics

General Stats
  • This quiz has been taken 2 times
  • The average score is 11 of 17
Answer Stats
Type Year Name % Correct
Album 2010 Disappear Here
100%
Album 2006 I Choose Noise
100%
EP 2006 I Choose Noise EP
100%
Album 2003 Morning Sci-Fi
100%
Album 1999 Wide Angle
100%
Soundtrack 2016 Billionaire Ransom
50%
Compilation 2012 Classics
50%
Soundtrack 2013 Dead in Tombstone
50%
Soundtrack 2014 Driveclub
50%
Mix Album 2004 Hybrid Present Y4K
50%
Soundtrack 2017 Interlude in Prague
50%
Remix Album 2000 Remix and Additional Production by...
50%
Remix Album 2007 Re_Mixed
50%
Remix EP 2007 Re_Mixed EP 1
50%
Mix Album 2008 Soundsystem_01
50%
Soundtrack 2012 Tom Clancy's Ghost Recon: Future Soldier
50%
Soundtrack 2015 Vice
0%
No matching quizzes found
Score Distribution
Percent of People with Each Score
Percentile by Number Answered
Your Score History
You have not taken this quiz